Quizz Football historique - Statistiques

Statistiques générales
  • Ce quiz a été pris 1 238 fois
  • Le résultat moyen est 48 sur 100
Statistiques - réponses
Hint Réponse % Correct
Quel joueur a fait Santos/Barcelone/PSG ? Neymar
99%
Qui est le ballon d'or 2015 ? Messi
94%
Quel est le premier club de CR7 ? Sporting
92%
A quel âge Messi est arrivé au FC Barcelone ? 13
88%
Quel est le deuxième club Italien a avoir le plus de ligue des champions ? Inter Milan
75%
Lors de la finale de la coupe du monde 2014, l'Allemagne bat l'Argentine 1-0, qui a inscrit le but ? Götze
74%
Quel est le meilleur buteur de l'équipe de France ? Giroud
67%
Quel joueur a reçu un coup de boule de la part de Zinédine Zidane lors de la finale de la coupe du monde 2006 ? Materazzi
65%
En combien de minutes Lewandowski a-t-il inscrit son quintuplé en 2015 contre Wolfsburg ? 9
64%
A quel âge Péle a-t-il remporté sa première coupe du monde ? 17
63%
Qui était le numéro 10 de l'équipe du Brésil pendant la coupe du monde 2002 ? Rivaldo
63%
Quel est le meilleur buteur de la ligue des champions ? Ronaldo
63%
Combien de ballon d'or détient Platini ? 3
62%
Combien de buts Messi a-t-il inscrit en 2012 ? 91
62%
Quel est le joueur qui est surnommé "Cyborg" ? Haaland
62%
Quel est le joueur connu pour mordre ses adversaires ? Suarez
62%
Quel est le nom du défenseur Italien qui a gagné le ballon d'or en 2006 ? Cannavaro
61%
Quel joueur est réputé pour avoir fait la main de "Dieu" ? Maradona
61%
De quel nom de footballeur est tiré le trophée du meilleur but de l'année ? Puskas
61%
Quel joueur a mis le but en or de la finale de l'Euro 2000 ? Trezeguet
61%
Quel joueur Français a gagné la coupe du monde, le ballon d'or et la ligue des champions ? Zidane
61%
Quel joueur Français est connu pour détenir le record de 13 buts lors de la coupe du monde 1958 ? (Record non égalé depuis) Fontaine
60%
Qui a éliminé la France en huitième de finale de l'Euro 2020(2021) ? Suisse
60%
Dans quel pays s'est déroulé la première coupe du monde en 1930 ? Uruguay
60%
Combien de buts de la main Messi a-t-il inscrit ? 1
59%
Quel est le seul joueur Africain a avoir reçu un ballon d'or ? Weah
59%
En quelle année CR7 a-t-il remporté son premier ballon d'or ? 2008
58%
En quelle année Leicester ont gagné leur unique titre de Premier League ? 2016
58%
Dans combien de club Zlatan a-t-il joué ? 8
58%
Sur quelle action Umtiti a-t-il marqué le but de la victoire contre la Belgique lors de la demi-finale de la coupe du monde 2018 ? Corner
58%
Qui est le meilleur tireur de coup franc de tout les temps ? Juninho
58%
Dans quel club Maradona a-t-il atteint son prime ? Naples
58%
En quelle année Giroud a gagné son prix puskas ? 2017
57%
Comment s'appelle le geste sur penalty que Zidane a réalisé contre l'Italie lors de la finale de la coupe du monde 2006 ? Panenka
57%
Quel est le seul club Français â être arrivé deux fois en finale de ligue des champions ? Reims
57%
En quelle année Xavi a pris sa retraite ? 2015
56%
Qui a gagné la CAN 2019 ? Algérie
56%
En quelle année Thierry Henry a gagné sa seule ligue des champions ? 2009
55%
En quelle année Casillas est partit du Real Madrid ? 2014
55%
Qui a gagné la Copa America 2016 ? Chili
55%
Qui est arrivé deuxième au classement du ballon d'or en 2016 ? Griezmann
55%
Dans quel club se trouvait Luis Suarez avant d'être au FC Barcelone ? Liverpool
55%
En quelle année la France a-t-elle gagné son premier Euro ? 1984
54%
Quel joueur a égalisé contre l'Atletico Madrid en finale de ligue des champions en 2016 à la 92:48 ? Ramos
54%
Lors de la demi-finale de la coupe du monde 1998, la France rencontre la Croatie et gagne 2-1. Quel joueur français a inscrit les deux buts ? Thuram
54%
Quel latéral brésilien était connu pour ses frappes de loin sur coup franc? Carlos
53%
Qui a dit : "Vous êtes pas content ? Triplé !" Mbappé
53%
Quel est le montant du transfert le plus cher de l'histoire ?(en millions) 222
52%
Qui est le premier joueur Français à avoir gagné le ballon d'or ? Kopa
52%
Quel joueur Français inscrit le troisième but lors de la finale de la coupe du monde en 1998 ? Petit
52%
Quelle était la légende portugaise des années 1960 ? Eusebio
51%
Qui inscrit le but de la victoire lors de la finale de la coupe du monde 2010 ? Iniesta
51%
Qui est le seul défenseur Allemand à avoir gagné le ballon d'or ? Beckenbauer
50%
Quel joueur a dit : "Je suis arrivé en roi et je repart en légende" ? Ibrahimovic
50%
Quel joueur est connu pour avoir inventé le geste "la papinade" ? Papin
50%
Quel joueur Italien a raté le penalty décisif lors de la finale de la coupe du monde 1994 face au Brésil ? Baggio
49%
Quelle légende hongroise a perdu la finale de la coupe du monde en 1954 ? Puskas
49%
En quelle année Chelsea a gagné sa première ligue des champions ? 2012
48%
Qui a inscrit un quintuplé contre le Bayer Leverkusen en huitième de finale aller de ligue des champions ? Messi
48%
Qui a dit : "La roue tourne a tourné" ? Ribéry
48%
Qui était le numéro 21 au PSG en 2001 ? Ronaldinho
48%
Qui était le président de l'OM en 1993 ? Tapie
48%
En quelle année Monaco a été en finale de ligue des champions ? 2004
46%
Quel est le joueur qui a ruiné la carrière d'Alfie Haaland(père du très célebre Herling Braunt Haaland) ? Keane
46%
Qui était le gardien de Manchester United en 2008 ? Van Der Sar
46%
En quelle année Pelé a gagné sa 3ème coupe du monde ? 1970
45%
Qui a marqué le seul but lors de la finale de la ligue des champions 1993 ? Boli
45%
Quel commentateur de foot a dit : "Il va venir lui faire l'amour sans préliminaire" ? Da Fonseca
45%
En quelle année Yachine a-t-il gagné son seul et unique ballon d'or ? 1963
44%
Quel est le défenseur le plus cher de l'histoire ? Van Dijk
43%
Contre quel équipe Mbappe a marqué son premier but de coupe du monde ? Pérou
40%
Quel est le gardien avec le plus de "clean sheet" dans l'histoire de la Premier League ? Cech
39%
Quel entraineur a révolutionné le monde du football avec le tiki-taka ? Cruyff
38%
Qui portait le numéro 10 en équipe de France lors de l'Euro 2016 ? Gignac
36%
Quel était le score entre l'Allemagne et l'Argentine en quart de finale de la coupe du monde 2010 ?(Score1-Score2) 4-0
35%
A quel âge est mort Just Fontaine ? 89
34%
Quel joueur a été recalé par lyon car il était trop petit ? Griezmann
33%
Lors de la demi finale de la coupe du monde de football 1982, opposant la France et la RFAQuel joueur à la 57ème minute a commis une faute "attentat" sur le joueur Français Batiston ? Schumacher
32%
Quel est le joueur le plus capé pour un seul club ? Totti
32%
Qui est le meilleur buteur de l'histoire de la Premier League ? Shearer
31%
Quelle équipe a gagné la ligue des champions en 1999 ? Manchester United
30%
Qui a gagné le ballon d'or en 1999 ? Rivaldo
30%
Qui a dit : "J'ai choisi le numéro 21 car j'aime l'Equipe 21" ? Ben Arfa
29%
Qui a dit : "Maradona is good, Pele is better but i am best" ? Best
29%
Quel est le seul joueur qui a gagné deux triplés coupe-ligue-ligues des champions consécutives avec deux clubs différents ? Eto'o
28%
Qui est la plus grande légende japonaise ? Nakata
27%
Qui était le numéro 2 au PSG en 2014 ? Silva
27%
Quel est le seul joueur a avoir gagné le super ballon d'or en 1989 ? Di Stefano
26%
Lors des phase de poule de la coupe du monde 1994, l'un des défenseurs de l'équipe colombienne inscrit un but contre son camp qui élimine sa nation. Il connaitra une fin tragique et sera assasiné à cause de ce but. Comment s'appelait ce défenseur ? Escobar
26%
Quel joueur est réputé pour avoir sodomisé une chèvre ? Garrincha
22%
Contre quelle équipe le PSG a remporté la Coupe de France en 2018 ? Les Herbiers
22%
Quel est le seul joueur de l'histoire du Real Madrid à avoir remporté 6 ligues des champions ? Gento
19%
Qui a gagné le prix Puskas en 2011 ? Neymar
19%
Quel était le premier sponsor sur les maillots du PSG ? RTL
18%
Qui portait le numéro 32 au PSG en 2012 ? Beckham
17%
Qui était le meilleur buteur de la coupe du monde 1970 Müller
14%
Quel club était entrainé par Beckenbauer entre 1990 et 1991 ? OM
14%
Comment se nomme le plan datant de 2011 visant à stopper les affrontements entre ultras du PSG ? Leproux
12%
Quel est le plus gros score ayant jamais existé au football ?(Score1-Score2) 149-0
9%
Lors de la coupe du monde 1950, le Brésil affronte l'Uruguay et perd 2-1 au stade Maracana. Combien de supporters étaient présents ce jour la dans le stade ? 210 000
6%
Aucun quiz correspondant
Distribution des résultats
% des personnes avec chaque résultat
Percentile par nombre de réponses
Votre historique - résultats
Vous n’avez pas pris ce quiz